| 000 | 00404nam a2200145 a 4500 | ||
|---|---|---|---|
| 003 | DLC | ||
| 005 | 20210219152758.0 | ||
| 022 | _a0214-1302 | ||
| 035 | _aUPN01000060875 | ||
| 245 | 0 | 0 | _aBOLETIN DE LA INSTITUCION LIBRE DE ENSEÑANZA |
| 260 |
_aMadrid, España _bFundación Francisco Giner de los Ríos [Institución Libre de Enseñanza] |
||
| 653 | 0 | _aENSEÑANZA | |
| 905 | _aRevista | ||
| 999 |
_c60584 _d60584 |
||